<?xml version="1.0" encoding="UTF-8"?>
<record
    xmlns:xsi="http://www.w3.org/2001/XMLSchema-instance"
    xsi:schemaLocation="http://www.loc.gov/MARC21/slim http://www.loc.gov/standards/marcxml/schema/MARC21slim.xsd"
    xmlns="http://www.loc.gov/MARC21/slim">

  <leader>00718nam a22001817a 4500</leader>
  <controlfield tag="003">UA-OsUOA</controlfield>
  <controlfield tag="001"> 15406 </controlfield>
  <controlfield tag="007">ta</controlfield>
  <controlfield tag="008">20031110b un ||||| |||| 00| 0 ukr d</controlfield>
  <datafield tag="100" ind1=" " ind2=" ">
    <subfield code="a">&#x425;&#x430;&#x440;&#x438;&#x442;&#x43E;&#x43D;&#x44E;&#x43A; &#x41E;.</subfield>
  </datafield>
  <datafield tag="942" ind1=" " ind2=" ">
    <subfield code="c">SA</subfield>
  </datafield>
  <datafield tag="040" ind1=" " ind2=" ">
    <subfield code="a">UA-OsUOA</subfield>
    <subfield code="c">UA-OsUOA</subfield>
    <subfield code="d">UA-OsUOA</subfield>
  </datafield>
  <datafield tag="245" ind1=" " ind2=" ">
    <subfield code="a">&#x422;&#x440;&#x430;&#x433;&#x435;&#x434;&#x456;&#x44F; &#x443;&#x43A;&#x440;&#x430;&#x457;&#x43D;&#x441;&#x44C;&#x43A;&#x43E;&#x457; &#x456;&#x43D;&#x442;&#x435;&#x43B;&#x456;&#x433;&#x435;&#x43D;&#x446;&#x456;&#x457; : [&#x41F;&#x440;&#x43E; &#x43C;&#x430;&#x441;&#x43E;&#x432;&#x435; &#x437;&#x43D;&#x438;&#x449;&#x435;&#x43D;&#x43D;&#x44F; &#x443;&#x43A;&#x440;. &#x456;&#x43D;&#x442;&#x435;&#x43B;&#x456;&#x433;&#x435;&#x43D;&#x446;&#x456;&#x457; &#x443; 1943 &#x440;. , &#x449;&#x43E; &#x43F;&#x435;&#x440;&#x435;&#x431;&#x443;&#x432;&#x430;&#x43B;&#x438; &#x43D;&#x430; &#x442;&#x43E;&#x439; &#x447;&#x430;&#x441; &#x443; &#x432;'&#x44F;&#x437;&#x43D;&#x438;&#x446;&#x44F;&#x445; &#x420;&#x456;&#x432;&#x43D;&#x43E;&#x433;&#x43E; , &#x414;&#x443;&#x431;&#x43D;&#x430;, &#x41E;&#x441;&#x442;&#x440;&#x43E;&#x433;&#x430; &#x442;&#x430; &#x456;&#x43D;. &#x43C;&#x456;&#x441;&#x442; &#x43E;&#x431;&#x43B;.]</subfield>
  </datafield>
  <datafield tag="300" ind1=" " ind2=" ">
    <subfield code="a">&#x421;.7</subfield>
  </datafield>
  <datafield tag="955" ind1=" " ind2=" ">
    <subfield code="a">0</subfield>
  </datafield>
  <datafield tag="773" ind1="0" ind2=" ">
    <subfield code="w">0</subfield>
    <subfield code="t">&#x412;&#x41E;&#x41B;&#x418;&#x41D;&#x42C;</subfield>
    <subfield code="d">&#x420;&#x456;&#x432;&#x43D;&#x435;</subfield>
    <subfield code="d">2003</subfield>
    <subfield code="g">&#x2116;27/4 &#x43B;&#x438;&#x43F;./</subfield>
  </datafield>
  <datafield tag="650" ind1=" " ind2="7">
    <subfield code="a">&#x406;&#x441;&#x442;&#x43E;&#x440;&#x456;&#x44F;</subfield>
    <subfield code="2">UDC</subfield>
  </datafield>
  <datafield tag="999" ind1=" " ind2=" ">
    <subfield code="c">301571</subfield>
    <subfield code="d">301571</subfield>
  </datafield>
</record>
